<?xml version="1.0" encoding="UTF-8"?>
<record
    xmlns:xsi="http://www.w3.org/2001/XMLSchema-instance"
    xsi:schemaLocation="http://www.loc.gov/MARC21/slim http://www.loc.gov/standards/marcxml/schema/MARC21slim.xsd"
    xmlns="http://www.loc.gov/MARC21/slim">

  <leader>01308nam a22002537a 4500</leader>
  <datafield tag="999" ind1=" " ind2=" ">
    <subfield code="c">75359</subfield>
    <subfield code="d">75359</subfield>
  </datafield>
  <controlfield tag="005">20231213150840.0</controlfield>
  <controlfield tag="008">      s2558    th                  tha d</controlfield>
  <datafield tag="020" ind1=" " ind2=" ">
    <subfield code="a">9786161808921</subfield>
  </datafield>
  <datafield tag="040" ind1=" " ind2=" ">
    <subfield code="a">NALT</subfield>
  </datafield>
  <datafield tag="041" ind1="1" ind2=" ">
    <subfield code="a">tha</subfield>
    <subfield code="h">jpn</subfield>
  </datafield>
  <datafield tag="050" ind1=" " ind2=" ">
    <subfield code="a">RM 222.2 </subfield>
    <subfield code="b">&#xE2D;913&#xE2A; 2558</subfield>
  </datafield>
  <datafield tag="100" ind1="1" ind2=" ">
    <subfield code="a">&#xE40;&#xE2D;&#xE23;&#xE34;&#xE19;&#xE30;, &#xE2D;&#xE32;&#xE40;&#xE1A;&#xE30;</subfield>
    <subfield code="9">21637</subfield>
  </datafield>
  <datafield tag="245" ind1="1" ind2="0">
    <subfield code="a">10 &#xE27;&#xE31;&#xE19; &#xE2A;&#xE23;&#xE49;&#xE32;&#xE07;&#xE19;&#xE34;&#xE2A;&#xE31;&#xE22;&#xE44;&#xE21;&#xE48;&#xE2D;&#xE49;&#xE27;&#xE19;&#xE15;&#xE25;&#xE2D;&#xE14;&#xE0A;&#xE35;&#xE27;&#xE34;&#xE15; /</subfield>
    <subfield code="c">&#xE2D;&#xE32;&#xE40;&#xE1A;&#xE30; &#xE40;&#xE2D;&#xE23;&#xE34;&#xE19;&#xE30; &#xE40;&#xE02;&#xE35;&#xE22;&#xE19; ; &#xE40;&#xE21;&#xE18;&#xE34;&#xE19;&#xE35; &#xE19;&#xE38;&#xE0A;&#xE19;&#xE32;&#xE04;&#xE32; &#xE41;&#xE1B;&#xE25;.</subfield>
  </datafield>
  <datafield tag="260" ind1=" " ind2=" ">
    <subfield code="a">&#xE01;&#xE23;&#xE38;&#xE07;&#xE40;&#xE17;&#xE1E;&#xE2F; : </subfield>
    <subfield code="b">&#xE2D;&#xE21;&#xE23;&#xE34;&#xE19;&#xE17;&#xE23;&#xE4C;&#xE40;&#xE2E;&#xE25;&#xE17;&#xE4C; &#xE2D;&#xE21;&#xE23;&#xE34;&#xE19;&#xE17;&#xE23;&#xE4C;&#xE1E;&#xE23;&#xE34;&#xE49;&#xE19;&#xE15;&#xE34;&#xE49;&#xE07;&#xE41;&#xE2D;&#xE19;&#xE14;&#xE4C;&#xE1E;&#xE31;&#xE1A;&#xE25;&#xE34;&#xE0A;&#xE0A;&#xE34;&#xE48;&#xE07;, </subfield>
    <subfield code="c">2558.</subfield>
  </datafield>
  <datafield tag="300" ind1=" " ind2=" ">
    <subfield code="a">105 &#xE2B;&#xE19;&#xE49;&#xE32; :</subfield>
    <subfield code="b">&#xE20;&#xE32;&#xE1E;&#xE1B;&#xE23;&#xE30;&#xE01;&#xE2D;&#xE1A;, &#xE41;&#xE1C;&#xE19;&#xE20;&#xE39;&#xE21;&#xE34; ;</subfield>
    <subfield code="c">21 &#xE0B;&#xE21;.</subfield>
  </datafield>
  <datafield tag="650" ind1=" " ind2="4">
    <subfield code="a">&#xE01;&#xE32;&#xE23;&#xE25;&#xE14;&#xE04;&#xE27;&#xE32;&#xE21;&#xE2D;&#xE49;&#xE27;&#xE19;</subfield>
    <subfield code="9">21642</subfield>
  </datafield>
  <datafield tag="650" ind1=" " ind2="4">
    <subfield code="a">&#xE01;&#xE32;&#xE23;&#xE25;&#xE49;&#xE32;&#xE07;&#xE1E;&#xE34;&#xE29;</subfield>
    <subfield code="9">21643</subfield>
  </datafield>
  <datafield tag="650" ind1=" " ind2="4">
    <subfield code="a">&#xE01;&#xE32;&#xE23;&#xE19;&#xE2D;&#xE19;</subfield>
    <subfield code="9">21644</subfield>
  </datafield>
  <datafield tag="650" ind1=" " ind2="4">
    <subfield code="a">&#xE01;&#xE32;&#xE23;&#xE25;&#xE14;&#xE19;&#xE49;&#xE33;&#xE2B;&#xE19;&#xE31;&#xE01;</subfield>
    <subfield code="9">21645</subfield>
  </datafield>
  <datafield tag="700" ind1="0" ind2=" ">
    <subfield code="a">&#xE40;&#xE21;&#xE18;&#xE34;&#xE19;&#xE35; &#xE19;&#xE38;&#xE0A;&#xE19;&#xE32;&#xE04;&#xE32;</subfield>
    <subfield code="9">21641</subfield>
  </datafield>
  <datafield tag="850" ind1=" " ind2=" ">
    <subfield code="a">NALT</subfield>
  </datafield>
  <datafield tag="942" ind1=" " ind2=" ">
    <subfield code="c">GB</subfield>
    <subfield code="2">lcc</subfield>
    <subfield code="0">1</subfield>
  </datafield>
  <datafield tag="998" ind1=" " ind2=" ">
    <subfield code="j">8</subfield>
    <subfield code="k"> &#xE19;&#xE32;&#xE22;&#xE1A;&#xE31;&#xE13;&#xE11;&#xE34;&#xE15;  &#xE2D;&#xE38;&#xE17;&#xE32;&#xE27;&#xE07;&#xE04;&#xE4C;</subfield>
  </datafield>
  <datafield tag="952" ind1=" " ind2=" ">
    <subfield code="0">0</subfield>
    <subfield code="1">0</subfield>
    <subfield code="2">lcc</subfield>
    <subfield code="4">0</subfield>
    <subfield code="7">0</subfield>
    <subfield code="8">CGBL</subfield>
    <subfield code="a">NALT</subfield>
    <subfield code="b">NALT</subfield>
    <subfield code="d">2023-12-13</subfield>
    <subfield code="e">&#xE08;&#xE31;&#xE14;&#xE0B;&#xE37;&#xE49;&#xE2D;&#xE17;&#xE23;&#xE31;&#xE1E;&#xE22;&#xE32;&#xE01;&#xE23;</subfield>
    <subfield code="g">135.00</subfield>
    <subfield code="l">1</subfield>
    <subfield code="m">1</subfield>
    <subfield code="o">RM 222.2 &#xE2D;913&#xE2A; 2558</subfield>
    <subfield code="p">3961203598</subfield>
    <subfield code="r">2024-01-03 00:00:00</subfield>
    <subfield code="s">2023-12-13</subfield>
    <subfield code="v">185.00</subfield>
    <subfield code="w">2017-06-09</subfield>
    <subfield code="y">GB</subfield>
  </datafield>
</record>
